| 000 | 01019cam a2200277 a 4500 | ||
|---|---|---|---|
| 001 | 000002761 | ||
| 005 | 20200929150243.0 | ||
| 008 | 780912s1974 sp b 000 0 spa | ||
| 020 | _a8437600200 | ||
| 040 |
_aDO-SdBNP _bspa _cBNPHU |
||
| 041 | 1 | 7 |
_aspa _heng |
| 082 |
_a861.64 _bL665e, 1974 |
||
| 100 | 1 |
_aLevin, Samuel R. _98700 |
|
| 240 | 1 | 0 |
_astructures in poetry. _lEspañol |
| 245 | 1 | 0 |
_aEstructuras lingüísticas en la poesía / _cSamuel R. Levin ; presentación y apéndice de Fernando Lázaro Carreter ; traducción, Julio Rodríguez-Puértolas, Carmen C. de Rodríguez-Puértolas. |
| 250 | _a3a ed. | ||
| 260 |
_aMadrid : _bCátedra, _c1974. |
||
| 300 |
_a106 p. ; _c21 cm. |
||
| 534 |
_aTítulo original : _tstructures in poetry. |
||
| 504 | _aBibliografía : p. 93-94. | ||
| 650 | 4 |
_aPoesía española _9631 |
|
| 650 | 4 |
_aLiteratura española _9632 |
|
| 700 | 1 |
_aLázaro Carreter, Fernando. _97731 |
|
| 700 | 1 |
_aRodríguez-Puértolas, julio. _98701 |
|
| 700 | 1 |
_aRodríguez-Puértolas, Carmen C. _98702 |
|
| 999 |
_c2595 _d2595 |
||